| 000 | 00557nam a22002057a 4500 | ||
|---|---|---|---|
| 005 | 20260515114932.0 | ||
| 008 | 221012b ||||| |||| 00| 0 eng d | ||
| 020 | _a9789382267744 | ||
| 040 |
_aIN-DiNC _cIN-DiNC |
||
| 041 | _deng | ||
| 082 |
_a822 _bCON |
||
| 100 |
_aCongreve, William _eauthor |
||
| 245 |
_aThe way of the world/ _cby William Congreve |
||
| 260 |
_aDelhi: _bWorldview publications, _c2021. |
||
| 300 | _axc, 270p. | ||
| 650 | _aEnglish drama | ||
| 700 |
_aSahoo, Sonia _eEditor |
||
| 700 |
_aHazra, Deblina _eEditor |
||
| 942 |
_2ddc _cBK |
||
| 999 |
_c11403 _d11403 |
||